000 00293 a2200109 4500
005 20250630115403.0
020 _a978-0-323=04702-9
082 _a615.03 SKI
245 _a2009 Mosby's Nursing Drug Reference,
300 _axii, 1290p,: ill.; figure picture, table
_bIndex
_c19.4cm
942 _2ddc
_cBKS
999 _c6475
_d6475